Las 5 elecciones: el camino hacia una productividad extraordinaria / (Registro nro. 30245)
[ vista simple ]
| 000 -LEADER | |
|---|---|
| fixed length control field | 01982nam a2200289Ia 4500 |
| 003 - CONTROL NUMBER IDENTIFIER | |
| control field | CO-CtgCURN |
| 005 - DATE AND TIME OF LATEST TRANSACTION | |
| control field | 20250506131913.0 |
| 008 - FIXED-LENGTH DATA ELEMENTS--GENERAL INFORMATION | |
| fixed length control field | 190725s9999 xx 000 0 und d |
| 020 ## - INTERNATIONAL STANDARD BOOK NUMBER | |
| International Standard Book Number | 9789588821276 |
| 040 ## - CATALOGING SOURCE | |
| Original cataloging agency | CO-CtgCURN |
| Language of cataloging | spa |
| Transcribing agency | coctgcurn |
| 082 ## - DEWEY DECIMAL CLASSIFICATION NUMBER | |
| Classification number | 658.314 |
| Item number | K78 |
| 100 ## - MAIN ENTRY--PERSONAL NAME | |
| Personal name | Kogon, Kory |
| 9 (RLIN) | 6892 |
| 245 #0 - TITLE STATEMENT | |
| Title | Las 5 elecciones: el camino hacia una productividad extraordinaria / |
| Statement of responsibility, etc. | Kory Kogon; Leena Rinne; Adam Merril; traducción., Martha Castro |
| 250 ## - EDITION STATEMENT | |
| Edition statement | 1 edición |
| 260 ## - PUBLICATION, DISTRIBUTION, ETC. | |
| Place of publication, distribution, etc. | Colombia : |
| Name of publisher, distributor, etc. | Conecta, |
| Date of publication, distribution, etc. | 2016 |
| 300 ## - PHYSICAL DESCRIPTION | |
| Extent | 281 páginas ; |
| Dimensions | 23 centímetros. |
| 500 ## - GENERAL NOTE | |
| General note | Titulo original : The 5 choices. The path to an extraordinary productivy |
| 505 ## - FORMATTED CONTENTS NOTE | |
| Formatted contents note | Cap.1. Manejo de decisiones -- Cap.2. Manejo de la atención -- Cap.3. Manejo de la energía -- Cap.4. Sección especial: ser un líder del C2. |
| 520 ## - SUMMARY, ETC. | |
| Summary, etc. | El proceso de Las 5 Elecciones hacia la Productividad Extraordinaria aumenta la productividad individual, de los equipos de trabajo y de las organizaciones. El mundo actual ofrece un enorme número de oportunidades a las organizaciones y las personas para lograr metas extraordinarias. Sin embargo, las exigencias de nuestros puestos de trabajo, unido a la gran cantidad de información que nos llega de múltiples fuentes (correos electrónicos, informes, tweets, blogs, sitios web, etc.) nos agotan y nos distraen. El volumen de distracciones amenaza nuestra capacidad para pensar claramente y tomar buenas decisiones. Si reaccionamos a estos estímulos, sin un cuidadoso discernimiento, nos hundiremos en un mar de irrelevancia y no lograremos hacer las cosas que más importan en nuestra vida profesional y personal. |
| 521 ## - TARGET AUDIENCE NOTE | |
| Target audience note | AREA BASICA |
| 590 ## - LOCAL NOTE (RLIN) | |
| Local note | Todos los programas acádemicos |
| 650 ## - SUBJECT ADDED ENTRY--TOPICAL TERM | |
| Topical term or geographic name entry element | Productividad |
| 9 (RLIN) | 6893 |
| 700 ## - ADDED ENTRY--PERSONAL NAME | |
| Personal name | Castro, Martha |
| Relator term | traducción |
| 9 (RLIN) | 6894 |
| 700 ## - ADDED ENTRY--PERSONAL NAME | |
| Personal name | Rinne, Leena |
| 9 (RLIN) | 6895 |
| 942 ## - ADDED ENTRY ELEMENTS (KOHA) | |
| Koha item type | Libros |
| Classification part | 658.314 |
| Item part | K78 |
| Source of classification or shelving scheme | Dewey Decimal Classification |
| Suppress in OPAC | No |
| Withdrawn status | Lost status | Source of classification or shelving scheme | Damaged status | Not for loan | Collection | Home library | Current library | Shelving location | Date acquired | Inventory number | Total checkouts | Full call number | Barcode | Date last seen | Copy number | Price effective from | Koha item type |
|---|---|---|---|---|---|---|---|---|---|---|---|---|---|---|---|---|---|
| Dewey Decimal Classification | General | Miguel Henríquez Castañeda Barranquilla | Miguel Henríquez Castañeda Barranquilla | General | 05/23/2018 | 04312 | 658.314 K78 | 04312 | 07/25/2019 | ej.1 | 07/25/2019 | Libros |